| 000 | 00562nam a2200181Ia 4500 | ||
|---|---|---|---|
| 008 | 090123s9999 xx 000 0 und d | ||
| 082 |
_b33803 _a891.463/पारखी |
||
| 100 | _aपारखी सु.वि. | ||
| 245 | _aआर्य चाणक्य | ||
| 250 | _a0 | ||
| 260 |
_bयोगिता प्रकाशन _c1999 |
||
| 300 | _a160 | ||
| 600 | _aपारखी सु.वि. | ||
| 630 | _aआर्य चाणक्य | ||
| 700 | _aपारखी सु.वि. | ||
| 730 | _aआर्य चाणक्य | ||
| 942 | _cBOOK | ||
| 999 |
_c71838 _d71838 |
||